000 004240000a22001570004500
090 _aAR
_b02913
245 1 0 _aWeltland ecology: principles and conservation
650 1 4 _aReseñas de libros
_996016
650 1 4 _aEcología
_992250
650 1 4 _aHidrología
_992912
650 1 4 _aBiodiversidad
_992204
041 0 _aInglés
100 1 _aKeddy, P. A.
_996439
942 _cARTICULO
773 1 _tJournal of Ecology
_3249
_q903-905
999 _c11973
_d11973